000 01089nam a2200241Ia 4500
001 248.3-TIL kl vi (1804)
003 IT-MiSPE
008 171229s9999||||xx |||||||||||||| ||und||
040 _aIT-MiSPE
_cIT-MiSPE
041 _aITALIANO
100 _aKlemens Tilmann
240 _aLeben aus der Tiefe...
245 0 _aVivere nel profondo
_bBreve introduzione all'immersione interiore e alla meditazione cristiana
250 _a1a ed. (v)
260 _aBrescia
_bQueriniana
_c1978
300 _a74 p.
_c20 cm
490 _aMeditazioni
_v47
501 _aEdizioni San Paolo srl - Piazza Soncino, 5 - 20092 CINISELLO BALSAMO (MI) (non commercial uses only) ® Copyright 2018
700 _aArmido Rizzi
_g(traduzione)
942 _cBK
957 _71
999 _a11960
_bNO
_g Copie: 1
_c342982
_d342982